[Event "IECC CL5-2002.15"]
[Site "IECC email"]
[Date "2002.07.29"]
[Round "?"]
[White "Zucarelli, Mike"]
[Black "Lyew, Merrill"]
[Result "0-1"]
[WhiteElo "1410"]
[BlackElo "1582"]
[PlyCount "36"]
[EventDate "2002.??.??"]
[EventType "tourn (corr)"]
[EventRounds "4"]
[SourceTitle "Corr 2008"]
[Source "ChessBase"]
[SourceDate "2008.06.24"]
[SourceVersion "1"]
[SourceVersionDate "2008.06.24"]
[SourceQuality "1"]

1. d4 Nf6 2. c4 e6 3. Nc3 Bb4 4. e3 0-0 5. Nge2 Re8 6. a3 Bf8 7. e4 d5 8. e5 Nfd7 9. cxd5 exd5 10. Nxd5 c5 11. Bg5 Qxg5 12. Nc7 cxd4 13. f4 Qh4+ 14. g3 Qh5 15. Bg2 Nxe5 16. Nxe8 Nec6 17. Nxd4 Bg4 18. Bf3 Bxf3 0-1

[Event "IECC P email"]
[Site "IECC email"]
[Date "2001.07.22"]
[Round "?"]
[White "Weggen, Rick HM"]
[Black "Zucarelli, Mike"]
[Result "1-0"]
[WhiteElo "1764"]
[BlackElo "1468"]
[PlyCount "103"]
[EventDate "2001.??.??"]
[EventType "tourn (corr)"]
[EventRounds "6"]
[SourceTitle "Corr 2008"]
[Source "ChessBase"]
[SourceDate "2008.06.24"]
[SourceVersion "1"]
[SourceVersionDate "2008.06.24"]
[SourceQuality "1"]

1. d4 d5 2. Nf3 e6 3. Bg5 f6 4. Bh4 g5 5. Bg3 h5 6. h3 Bd6 7. Bxd6 cxd6 8. Nc3 Nc6 9. e3 Qb6 10. a3 Bd7 11. Bd3 Nge7 12. e4 Nxd4 13. Nxd4 Qxd4 14. exd5 Qe5+ 15. Be2 Nxd5 16. Nxd5 exd5 17. 0-0 0-0-0 18. Bxh5 Qxb2 19. Rb1 Qxa3 20. Qxd5 Qa6 21. Bf3 Bc6 22. Qe6+ Kb8 23. Ra1 Qb5 24. Rfb1 Qc5 25. Bxc6 Qxc6 26. Qxf6 Rhf8 27. Qg7 Rc8 28. c4 Rf5 29. Ra2 Re5 30. Rab2 b6 31. Rb5 Rce8 32. Ra1 R5e7 33. Qxg5 Qxc4 34. Rc1 Qxc1+ 35. Qxc1 Re1+ 36. Qxe1 Rxe1+ 37. Kh2 Kc7 38. g4 Kc6 39. Rb2 b5 40. f4 Re4 41. f5 Rf4 42. Kg3 Rf1 43. h4 a5 44. h5 Rg1+ 45. Kh4 a4 46. f6 Rf1 47. g5 Rh1+ 48. Kg4 Rg1+ 49. Kf5 Kd7 50. Rxb5 Rf1+ 51. Kg6 a3 52. Ra5 1-0

[Event "IECC CL5-2000.06"]
[Site "IECC email"]
[Date "1999.12.18"]
[Round "?"]
[White "Arriola, Lennin"]
[Black "Zucarelli, Mike"]
[Result "0-1"]
[WhiteElo "1501"]
[BlackElo "1392"]
[PlyCount "59"]
[EventDate "2000.??.??"]
[EventType "tourn (corr)"]
[EventRounds "4"]
[SourceTitle "Corr 2008"]
[Source "ChessBase"]
[SourceDate "2008.06.24"]
[SourceVersion "1"]
[SourceVersionDate "2008.06.24"]
[SourceQuality "1"]

1. e4 e5 2. Nf3 Nc6 3. Bb5 a6 4. Bxc6 dxc6 5. 0-0 f6 6. d4 exd4 7. Qxd4 Qxd4 8. Nxd4 Bd6 9. Nc3 Ne7 10. Nde2 Ng6 11. Be3 0-0 12. Rfd1 f5 13. f3 c5 14. Rd5 Be6 15. Rd2 f4 16. Bf2 b6 17. Nd5 Be5 18. Rad1 Rab8 19. c4 c6 20. b4 cxd5 21. cxd5 Bd7 22. bxc5 bxc5 23. Bxc5 Rfc8 24. Rc1 Bf6 25. Bd6 Rxc1+ 26. Nxc1 Rb1 27. Ba3 Ba4 28. Rd3 Ba1 29. d6 Ne5 30. Rd5 0-1

[Event "IECC CL5-2000.06"]
[Site "IECC email"]
[Date "1999.12.18"]
[Round "?"]
[White "Zucarelli, Mike"]
[Black "Gaiter, Warren D"]
[Result "0-1"]
[WhiteElo "1416"]
[BlackElo "1639"]
[PlyCount "104"]
[EventDate "2000.??.??"]
[EventType "tourn (corr)"]
[EventRounds "4"]
[SourceTitle "Corr 2008"]
[Source "ChessBase"]
[SourceDate "2008.06.24"]
[SourceVersion "1"]
[SourceVersionDate "2008.06.24"]
[SourceQuality "1"]

1. d4 d5 2. c4 dxc4 3. Nf3 Nf6 4. e3 e6 5. Bxc4 c5 6. 0-0 a6 7. dxc5 Qxd1 8. Rxd1 Bxc5 9. Nbd2 0-0 10. Nb3 Be7 11. Bd2 Bd7 12. Rac1 Ba4 13. Re1 b5 14. Bd3 Bxb3 15. axb3 Nbd7 16. e4 Rac8 17. b4 Nb6 18. Rxc8 Rxc8 19. Ra1 Na4 20. Ra2 h6 21. Kf1 g5 22. e5 Nd5 23. b3 Nac3 24. Rxa6 Nxb4 25. Ra7 Nxd3 26. Rxe7 Kg7 27. Ra7 b4 28. Nd4 Kg6 29. Ra5 Nd5 30. h3 Rb8 31. Nf3 Rd8 32. g3 Kf5 33. Ra7 Nc5 34. Nd4+ Ke4 35. Nc6 Rc8 36. Nxb4 Nxb3 37. Nxd5 exd5 38. Bb4 d4 39. Rxf7 Rc1+ 40. Kg2 Kxe5 41. Rd7 Ke4 42. Bf8 Rc6 43. Rb7 Nc5 44. Re7+ Kd5 45. f4 d3 46. Kf3 Kc4 47. fxg5 hxg5 48. Re8 Kc3 49. Bxc5 Rxc5 50. Rd8 d2 51. Ke2 Re5+ 52. Kf3 Re1 0-1

[Event "IECC P email"]
[Site "IECC email"]
[Date "1999.11.07"]
[Round "?"]
[White "Jasinski, Jim"]
[Black "Zucarelli, Mike"]
[Result "0-1"]
[WhiteElo "1331"]
[BlackElo "1362"]
[PlyCount "85"]
[EventDate "1999.??.??"]
[EventType "tourn (corr)"]
[EventRounds "6"]
[SourceTitle "Corr 2008"]
[Source "ChessBase"]
[SourceDate "2008.06.24"]
[SourceVersion "1"]
[SourceVersionDate "2008.06.24"]
[SourceQuality "1"]

1. d4 Nf6 2. c4 e6 3. Nc3 Bb4 4. Qc2 0-0 5. e4 d6 6. a3 Bxc3+ 7. bxc3 e5 8. Bd3 Nc6 9. Nf3 Bg4 10. Be3 Bxf3 11. gxf3 Qd7 12. h3 a6 13. Rd1 h6 14. Bf1 Rfb8 15. Rg1 Kh8 16. Rb1 b6 17. Qd2 Rg8 18. Rg3 Kh7 19. Qd3 Nh5 20. Rg1 Rgd8 21. Rg4 Nf6 22. Rg3 Kh8 23. d5 Ne7 24. Qc2 Ng6 25. c5 dxc5 26. Bxa6 Rxa6 27. Ra1 Rda8 28. Bc1 Nf4 29. h4 Qa4 30. Qxa4 Rxa4 31. Kd2 N6h5 32. Rg1 f5 33. exf5 Rf8 34. Bb2 Rxf5 35. Rac1 c4 36. Rcd1 Nd3 37. Kc2 Rxf3 38. Rd2 Nf6 39. Rg3 Rxf2 40. Rxf2 Nxf2 41. Rf3 Nd3 42. Rf5 Kg8 43. Bc1 0-1

[Event "IECC KO email"]
[Site "IECC email"]
[Date "1999.05.08"]
[Round "?"]
[White "Neumann, Ulrich"]
[Black "Zucarelli, Mike"]
[Result "1-0"]
[WhiteElo "1522"]
[BlackElo "1214"]
[PlyCount "79"]
[EventDate "1999.??.??"]
[EventType "tourn (corr)"]
[EventRounds "6"]
[SourceTitle "Corr 2008"]
[Source "ChessBase"]
[SourceDate "2008.06.24"]
[SourceVersion "1"]
[SourceVersionDate "2008.06.24"]
[SourceQuality "1"]

1. e4 e6 2. d4 d5 3. exd5 exd5 4. Bd3 Nc6 5. Ne2 Bd6 6. c3 Nge7 7. Qc2 Ng6 8. Be3 Bd7 9. Nd2 Nce7 10. h4 h5 11. 0-0-0 Bc6 12. f3 Qd7 13. Rdg1 Bb5 14. Bxb5 Qxb5 15. Nb3 0-0-0 16. g3 Rde8 17. Re1 Nc6 18. Qf5+ Kb8 19. Nf4 Nxf4 20. Bxf4 Bxf4+ 21. Qxf4 f6 22. Rxe8+ Rxe8 23. Qf5 a6 24. Qxh5 Re2 25. Nd2 Qd3 26. Rd1 Na5 27. Qxd5 b5 28. Qd8+ Kb7 29. Qd5+ Ka7 30. Qc5+ Kb8 31. d5 Nc4 32. Qd4 Qf5 33. d6 cxd6 34. b3 Ne3 35. Qb6+ Kc8 36. Ne4 Qxf3 37. Nxd6+ Kd7 38. Qa7+ Ke6 39. Qf7+ Ke5 40. Qe7# 1-0

[Event "IECC M email"]
[Site "IECC email"]
[Date "1999.04.16"]
[Round "?"]
[White "Tortorice, Scott D"]
[Black "Zucarelli, Mike"]
[Result "0-1"]
[WhiteElo "1332"]
[BlackElo "1302"]
[PlyCount "36"]
[EventDate "1999.??.??"]
[EventType "tourn (corr)"]
[EventRounds "6"]
[SourceTitle "Corr 2008"]
[Source "ChessBase"]
[SourceDate "2008.06.24"]
[SourceVersion "1"]
[SourceVersionDate "2008.06.24"]
[SourceQuality "1"]

1. e4 e6 2. d4 d5 3. Nc3 Bb4 4. exd5 exd5 5. Bd2 Nf6 6. Nf3 0-0 7. Bd3 Re8+ 8. Ne5 Ng4 9. 0-0 Nxe5 10. dxe5 Rxe5 11. Re1 Nc6 12. a3 Bc5 13. b4 Bd4 14. Rb1 Qf6 15. Nxd5 Qxf2+ 16. Kh1 Bh3 17. gxh3 Rxe1+ 18. Qxe1 Qf3# 0-1

[Event "IECC M email"]
[Site "IECC email"]
[Date "1999.04.14"]
[Round "?"]
[White "Zucarelli, Mike"]
[Black "Hervas, Fernando"]
[Result "0-1"]
[WhiteElo "1320"]
[BlackElo "1392"]
[PlyCount "62"]
[EventDate "1999.??.??"]
[EventType "tourn (corr)"]
[EventRounds "6"]
[SourceTitle "Corr 2008"]
[Source "ChessBase"]
[SourceDate "2008.06.24"]
[SourceVersion "1"]
[SourceVersionDate "2008.06.24"]
[SourceQuality "1"]

1. e4 e5 2. Nf3 Nc6 3. Bc4 Nf6 4. Nc3 Nxe4 5. Nxe4 d5 6. Bb5 dxe4 7. Bxc6+ bxc6 8. Nxe5 Qg5 9. d4 Qxg2 10. Rf1 Bh3 11. Qe2 Qxf1+ 12. Qxf1 Bxf1 13. Kxf1 c5 14. d5 Bd6 15. Ng4 h5 16. Ne3 Bxh2 17. Nc4 h4 18. Kg2 Bd6 19. Kh3 Rd8 20. Bd2 Be7 21. Ne3 c6 22. c4 cxd5 23. Nxd5 f5 24. Rg1 Bf6 25. b3 Kf7 26. Be3 Bd4 27. Bg5 Rd6 28. Ne7 Bxf2 29. Rf1 Rd3+ 30. Kh2 e3 31. Kg2 e2 0-1